| 000 | 00385pab a2200133 454500 | ||
|---|---|---|---|
| 008 | 180718b xxu||||| |||| 00| 0 eng d | ||
| 100 | _aDene, Elizabeth | ||
| 245 | _aa comparison of the history of the entry of women into policing in France and England and Wales | ||
| 650 | _a Women | ||
| 650 | _a Police | ||
| 650 | _aPolicewomen - History | ||
| 773 | _aPolice Journal | ||
| 909 | _a22322 | ||
| 999 |
_c22322 _d22322 |
||